Footballeurs Vainqueurs de la Ligue des Champions - Mort subite - Statistiques

Statistiques générales
  • Ce quiz a été pris 810 fois
    759 depuis la dernière actualisation
  • Le résultat moyen est 11 sur 20
Answers on the Grid
Answers color-coded by a green-red scale on the quiz's grid according to % correct below.
Alisson Becker
Antoine Griezmann
Blaise Matuidi
Bruno Fernandes
Cristiano Ronaldo
Dani Alves
Diego Maradona
Erling Haaland
Ferland Mendy
Franck Ribéry
Gianluigi Buffon
Harry Kane
Isco
Jan Oblak
Joselu
Kai Havertz
Karim Benzema
Kylian Mbappé
Lamine Yamal
Lautaro Martinez
Leroy Sané
Marquinhos
Neymar
Olivier Giroud
Paul Pogba
Paulo Dybala
Pedri
Riyad Mahrez
Sadio Mané
Serge Gnabry
Sergio Agüero
Thiago Silva
Thibaut Courtois
Timo Werner
Trent Alexander-Arnold
Zlatan Ibrahimovic
 
Statistiques - réponses
Réponse % Correct
Cristiano Ronaldo
88%
Alisson Becker
81%
Dani Alves
75%
Erling Haaland
74%
Karim Benzema
71%
Franck Ribéry
68%
Ferland Mendy
67%
Isco
65%
Neymar
54%
Marquinhos
52%
Thibaut Courtois
52%
Joselu
50%
Kai Havertz
48%
Trent Alexander-Arnold
47%
Sadio Mané
45%
Olivier Giroud
43%
Thiago Silva
42%
Riyad Mahrez
38%
Serge Gnabry
35%
Timo Werner
32%
Aucun quiz correspondant
Distribution des résultats
% des personnes avec chaque résultat
Percentile par nombre de réponses
Votre historique - résultats
Vous n’avez pas pris ce quiz depuis la dernière actualisation